000
00287nam a22001337a 4500
008
170227b xxu||||| |||| 00| 0 eng d
020
_a
0721666671
041
_a
eng
080
_a
617
100
_a
5
101
_a
SHK
245
_a
HEAD AND NECK SURGERY
_c
NAUMANN, H.H
942
_2
udc
_c
BK
999
_c
6286
_d
6286